Clubs of Fifa World cup winners - Statistics

General Stats
  • This quiz has been taken 64 times
  • The average score is 45 of 119
Answer Stats
Country Winners Team % Correct
Germany 24 Bayern Munich
100%
Spain 11 Barcelona
98%
Italy 21 Inter/Ambrosiana
98%
Italy 27 Juventus
98%
Italy 10 Milan
98%
Germany 7 Borussia Dortmund
96%
Spain 11 Real Madrid
96%
England 5 Manchester United
93%
Italy 2 Napoli
89%
England 5 Chelsea
87%
England 5 Liverpool
87%
France 7 Paris Saint-Germain
85%
Brazil 15 Santos
85%
England 7 Arsenal
83%
Italy 17 Roma
83%
Spain 5 Atlético Madrid
81%
England 2 Manchester City
81%
Argentina 2 Boca Juniors
78%
England 1 Aston Villa
76%
Argentina 9 River Plate
76%
Uruguay 1 River Plate
76%
Italy 5 Lazio
72%
Spain 5 Valencia
72%
France 5 Marseille
70%
Brazil 7 Flamengo
69%
France 3 Lyon
65%
England 3 Tottenham Hotspur
65%
Italy 8 Fiorentina
63%
Germany 2 Hamburger SV
63%
Germany 5 Schalke 04
59%
Germany 4 Eintracht Frankfurt
57%
Brazil 13 São Paulo
57%
Germany 3 Bayer Leverkusen
54%
Germany 6 Borussia Mönchengladbach
54%
Spain 3 Sevilla
54%
Italy 1 Torino
54%
England 1 Everton
52%
Germany 3 Werder Bremen
52%
Germany 9 FC Köln
50%
Brazil 3 Grêmio
50%
Uruguay 13 Nacional
50%
Italy 2 Parma
50%
Uruguay 14 Peñarol
50%
Italy 2 Genoa
48%
Italy 2 Udinese
48%
Spain 2 Athletic Bilbao
46%
Brazil 8 Corinthians
46%
Brazil 7 Fluminense
46%
France 5 Monaco
46%
Brazil 9 Palmeiras
46%
Italy 2 Sampdoria
46%
Italy 5 Bologna
44%
England 3 West Ham United
43%
France 1 Bordeaux
41%
Germany 3 VfB Stuttgart
39%
Spain 3 Villarreal
39%
Portugal 1 Benfica
37%
Italy 4 Palermo
35%
Brazil 11 Botafogo
33%
Argentina 7 Independiente
33%
Italy 1 Cagliari
31%
Brazil 4 Vasco da Gama
31%
Spain 3 Real Betis
30%
Germany 2 1. FC Nürnberg
28%
Brazil 2 Atlético Mineiro
28%
Brazil 5 Cruzeiro
28%
Argentina 1 Estudiantes La Plata
28%
Germany 5 FC Kaiserslautern
28%
Spain 2 Deportivo La Coruña
26%
Germany 1 Hannover 96
24%
England 2 Leeds United
24%
England 1 Leicester City
24%
France 1 Nantes
24%
England 1 Wolverhampton Wanderers
24%
England 1 Brighton & Hove Albion
22%
Germany 2 Fortuna Düsseldorf
17%
England 1 Fulham
17%
Mexico 1 América
15%
France 3 Auxerre
15%
Argentina 2 Newell's Old Boys
15%
Uruguay 3 Racing Club
15%
England 1 Southampton
15%
Italy 1 Lecce
13%
Argentina 2 San Lorenzo
13%
Germany 1 SC Freiburg
13%
England 1 Sheffield Wednesday
13%
Argentina 1 Vélez Sársfield
13%
Argentina 2 Argentinos Juniors
11%
Germany 1 Rot-Weiss Essen
11%
Brazil 1 Atlético Paranaense
9%
England 2 Blackpool
9%
Uruguay 2 Danubio
9%
Germany 1 BC Augsburg
7%
Argentina 3 Huracán
7%
Italy 1 Livorno
7%
France 1 Metz
7%
Italy 1 Pisa
7%
Argentina 3 Talleres de Córdoba
7%
Italy 3 Triestina
7%
Italy 1 Lucchese
4%
USA 1 Atlanta United
2%
Brazil 2 Bangu
2%
Uruguay 3 Bella Vista
2%
Uruguay 2 Central
2%
Argentina 1 Deportivo Español
2%
Uruguay 1 Montevideo Wanderers
2%
Italy 1 Reggiana
2%
Uruguay 3 Cerro
0%
Spain 1 Elche
0%
Argentina 1 Ferro Carril Oeste
0%
Germany 1 FK Pirmasens
0%
Germany 1 FSV Frankfurt
0%
Germany 1 KSV Hessen Kassel
0%
Uruguay 1 Miramar Misiones
0%
Uruguay 1 Olimpia
0%
Brazil 3 Portuguesa
0%
Uruguay 2 Rampla Juniors
0%
Japan 1 Shimizu S-Pulse
0%
Germany 2 SpVgg Fürth
0%
No matching quizzes found
Score Distribution
Percent of People with Each Score
Percentile by Number Answered
Your Score History
You have not taken this quiz